[Event "POL-chT U20 2nd League"]
[Site "Sypniewo"]
[Date "2025.06.25"]
[Round "8.1"]
[White "Grzebieniowski, Michal"]
[Black "Gbiorczyk, Mikolaj"]
[Result "1/2-1/2"]
[WhiteElo "1947"]
[BlackElo "2191"]
[PlyCount "114"]
[EventDate "2025.06.18"]
[EventType "team-swiss"]
[EventRounds "9"]
[EventCountry "POL"]
[SourceTitle "CB27_2025"]
[SourceDate "2025.07.02"]
[SourceVersion "1"]
[SourceVersionDate "2025.07.02"]
[SourceQuality "1"]
[WhiteTeam "Wratislavia"]
[BlackTeam "Szczecin Gryf"]
[WhiteTeamCountry "POL"]
[BlackTeamCountry "POL"]

1. d4 Nf6 2. c4 e6 3. Nf3 Bb4+ 4. Bd2 Qe7 5. g3 Nc6 6. Bg2 Bxd2+ 7. Nbxd2 d6 8. 0-0 a5 9. Qc2 e5 10. e3 0-0 11. b3 Re8 12. dxe5 dxe5 13. Ng5 h6 14. Nge4 Bf5 15. Qc3 Rad8 16. h3 Rd7 17. Nxf6+ Qxf6 18. Ne4 Qe7 19. Rad1 Red8 20. Rd5 Be6 21. Nc5 Bxd5 22. cxd5 Nb4 23. Nxd7 Rxd7 24. e4 b6 25. a3 Na6 26. Qc4 Nc5 27. b4 axb4 28. axb4 Nb7 29. Rc1 Nd6 30. Qc6 Ne8 31. Qc3 Rd8 32. Ra1 Nd6 33. Qc6 Qd7 34. Ra7 Qxc6 35. dxc6 Ne8 36. h4 Kf8 37. Bh3 Ke7 38. b5 Kd6 39. f3 g6 40. Kf2 Ng7 41. Ke3 f5 42. Bf1 Ne6 43. Bd3 f4+ 44. gxf4 Nxf4 45. Bf1 Rf8 46. Ra1 Ne6 47. Rd1+ Nd4 48. f4 Rd8 49. Be2 Ke6 50. Bc4+ Kf6 51. fxe5+ Kxe5 52. Rd2 g5 53. hxg5 hxg5 54. Rg2 Kf6 55. Rf2+ Ke5 56. Rg2 Kf6 57. Rf2+ Ke5 1/2-1/2

[Event "POL-chT U20 2nd League"]
[Site "Sypniewo"]
[Date "2025.06.19"]
[Round "2.1"]
[White "Demski, Michal"]
[Black "Gbiorczyk, Mikolaj"]
[Result "1-0"]
[WhiteElo "2121"]
[BlackElo "2191"]
[PlyCount "61"]
[EventDate "2025.06.18"]
[EventType "team-swiss"]
[EventRounds "9"]
[EventCountry "POL"]
[SourceTitle "CB27_2025"]
[SourceDate "2025.07.02"]
[SourceVersion "1"]
[SourceVersionDate "2025.07.02"]
[SourceQuality "1"]
[WhiteTeam "Gliwice Akademia Szachowa"]
[BlackTeam "Szczecin Gryf"]
[WhiteTeamCountry "POL"]
[BlackTeamCountry "POL"]

1. e4 e5 2. Nf3 Nc6 3. Bc4 Nf6 4. d3 Be7 5. Nc3 d6 6. a4 a5 7. h3 0-0 8. 0-0 Be6 9. Re1 Nd7 10. Nd5 Nd4 11. c3 Nxf3+ 12. Qxf3 c6 13. Ne3 Bg5 14. Nf5 Bxc1 15. Rexc1 Nb6 16. Ne3 d5 17. exd5 cxd5 18. Bb5 f5 19. Re1 Qd6 20. Rad1 Bd7 21. c4 d4 22. Nf1 Bxb5 23. axb5 Rf7 24. Rc1 Na4 25. Qg3 Re7 26. Ra1 Nc5 27. b4 Nb3 28. Ra4 Rae8 29. Rb1 f4 30. Qf3 Qc7 31. Qe4 1-0

[Event "Titled Tuesday intern op 25th Feb Early"]
[Site "Chess.com INT"]
[Date "2025.02.25"]
[Round "11"]
[White "Crevatin, Leo"]
[Black "Gbiorczyk, Mikolaj"]
[Result "1-0"]
[WhiteElo "2260"]
[BlackElo "2231"]
[PlyCount "85"]
[EventDate "2025.02.25"]
[EventType "swiss (blitz)"]
[EventRounds "11"]
[EventCountry "USA"]
[SourceTitle "CB10_2025"]
[SourceDate "2025.03.05"]
[SourceVersion "1"]
[SourceVersionDate "2025.03.05"]
[SourceQuality "1"]

1. d4 Nf6 2. c4 e6 3. Nc3 d5 4. cxd5 exd5 5. Bg5 Bb4 6. e3 h6 7. Bh4 c5 8. dxc5 g5 9. Bg3 Nc6 10. Bd3 Bxc3+ 11. bxc3 Qa5 12. Ne2 Qxc5 13. h4 g4 14. h5 Be6 15. Rc1 Rc8 16. Nd4 Ne4 17. Nxe6 fxe6 18. Bxe4 dxe4 19. 0-0 Qxh5 20. c4 0-0 21. Qd6 Qf7 22. Bh4 Qf5 23. Rcd1 Ne5 24. Qe7 Rf7 25. Rd8+ Rxd8 26. Qxd8+ Kh7 27. Rd1 Nd3 28. Qb8 b6 29. a4 h5 30. c5 bxc5 31. a5 c4 32. Rb1 c3 33. Qc8 Nxf2 34. Rb8 Rg7 35. Qh8+ Kg6 36. Bxf2 c2 37. Rc8 g3 38. Bxg3 Qg4 39. Be5 Qd1+ 40. Kh2 c1Q 41. Qxg7+ Kf5 42. Qf6+ Kg4 43. Qf4# 1-0

[Event "Titled Tuesday intern op 25th Feb Early"]
[Site "Chess.com INT"]
[Date "2025.02.25"]
[Round "4"]
[White "Gbiorczyk, Mikolaj"]
[Black "Diaz Garcia, Lianet"]
[Result "0-1"]
[WhiteElo "2231"]
[BlackElo "1991"]
[PlyCount "162"]
[EventDate "2025.02.25"]
[EventType "swiss (blitz)"]
[EventRounds "11"]
[EventCountry "USA"]
[SourceTitle "CB10_2025"]
[SourceDate "2025.03.05"]
[SourceVersion "1"]
[SourceVersionDate "2025.03.05"]
[SourceQuality "1"]

1. e4 c5 2. Nf3 d6 3. Bb5+ Bd7 4. c4 Nc6 5. 0-0 g6 6. d4 cxd4 7. Nxd4 Bg7 8. Be3 Nf6 9. Nc3 0-0 10. f3 Nxd4 11. Bxd4 Be6 12. Nd5 a6 13. Bb6 Qb8 14. Bc7 Qa7+ 15. Bb6 Qb8 16. Nxe7+ Kh8 17. Ba4 Bxc4 18. Re1 d5 19. Nxd5 Nxd5 20. exd5 Qd6 21. Bd4 Qxd5 22. Bxg7+ Kxg7 23. Qxd5 Bxd5 24. Re7 Kf6 25. Rd7 Rfd8 26. Rxd8 Rxd8 27. Rd1 Ke7 28. a3 Be6 29. Rc1 Rc8 30. Rd1 Rd8 31. Rc1 Rc8 32. Re1 Rd8 33. Re2 Rd3 34. Kf2 b5 35. Bc2 Rd4 36. Be4 h5 37. b4 a5 38. bxa5 Ra4 39. Re3 Rxa5 40. Bc6 Kd6 41. Be8 Kc5 42. f4 Ra4 43. g3 Rc4 44. Re5+ Bd5 45. Bxb5 Rc2+ 46. Ke3 Rc3+ 47. Kd2 Rxa3 48. Be8 Kd6 49. Re3 Rxe3 50. Kxe3 Be6 51. Ba4 Ke7 52. Bd1 Kf6 53. Bf3 Bd7 54. Bg2 Be6 55. h3 Bd7 56. Kd4 Be6 57. Kc5 Bd7 58. Kd6 Be6 59. Bf1 Bb3 60. g4 hxg4 61. hxg4 g5 62. fxg5+ Kxg5 63. Be2 f6 64. Ke7 Bc2 65. Bd1 Bxd1 66. Ke6 Bxg4+ 67. Kd5 Kf4 68. Kd4 Kg3 69. Kd3 f5 70. Ke3 Kg2 71. Kf4 Kf2 72. Kg5 Ke3 73. Kh4 f4 74. Kxg4 f3 75. Kg3 Ke2 76. Kh2 f2 77. Kg3 f1Q 78. Kh2 Qf3 79. Kg1 Qg4+ 80. Kh2 Kf2 81. Kh1 Qg2# 0-1

[Event "Titled Tuesday intern op 25th Feb Early"]
[Site "Chess.com INT"]
[Date "2025.02.25"]
[Round "8"]
[White "Sitbon, Itay"]
[Black "Gbiorczyk, Mikolaj"]
[Result "1-0"]
[WhiteElo "2170"]
[BlackElo "2231"]
[PlyCount "109"]
[EventDate "2025.02.25"]
[EventType "swiss (blitz)"]
[EventRounds "11"]
[EventCountry "USA"]
[SourceTitle "CB10_2025"]
[SourceDate "2025.03.05"]
[SourceVersion "1"]
[SourceVersionDate "2025.03.05"]
[SourceQuality "1"]

1. e4 e6 2. d4 d5 3. Bd3 dxe4 4. Bxe4 Nf6 5. Bf3 c5 6. Ne2 Nc6 7. Be3 Be7 8. 0-0 cxd4 9. Nxd4 Ne5 10. Be2 0-0 11. Nc3 Bd7 12. Nf3 Nxf3+ 13. Bxf3 Qc7 14. Qe2 Rfd8 15. Rfd1 Bc6 16. a3 a6 17. h3 h6 18. Rxd8+ Rxd8 19. Rd1 Rxd1+ 20. Qxd1 Bxf3 21. Qxf3 Bxa3 22. bxa3 Qxc3 23. Qxb7 Qa1+ 24. Kh2 Qxa3 25. c4 Qd6+ 26. g3 Nd7 27. c5 Nxc5 28. Qc8+ Kh7 29. Qxc5 Qd3 30. Qd4 Qe2 31. Qd2 Qc4 32. h4 Qb5 33. Qc2+ Kg8 34. Bd4 a5 35. Ba1 a4 36. Qb2 Qxb2 37. Bxb2 Kf8 38. Ba3+ Ke8 39. Kg2 Kd7 40. Kf3 Kc6 41. Ke4 Kb5 42. Kd4 h5 43. f4 g6 44. Be7 Kc6 45. Kc4 Kb6 46. Kb4 Kc6 47. Kc4 Kb6 48. Ba3 Kc6 49. Kd4 Kb5 50. Ke5 Kc4 51. Kf6 Kb3 52. Be7 a3 53. Bxa3 Kxa3 54. Kxf7 e5 55. fxe5 1-0

[Event "Titled Tuesday intern op 25th Feb Early"]
[Site "Chess.com INT"]
[Date "2025.02.25"]
[Round "3"]
[White "Tologontegin, Semetey"]
[Black "Gbiorczyk, Mikolaj"]
[Result "1-0"]
[WhiteElo "2353"]
[BlackElo "2231"]
[PlyCount "67"]
[EventDate "2025.02.25"]
[EventType "swiss (blitz)"]
[EventRounds "11"]
[EventCountry "USA"]
[SourceTitle "CB10_2025"]
[SourceDate "2025.03.05"]
[SourceVersion "1"]
[SourceVersionDate "2025.03.05"]
[SourceQuality "1"]

1. d4 Nf6 2. Bg5 d5 3. Nd2 e6 4. e3 c5 5. c3 Nc6 6. Ngf3 h6 7. Bh4 Be7 8. Bd3 0-0 9. 0-0 b6 10. Ne5 Nxe5 11. dxe5 Nd7 12. Bxe7 Qxe7 13. f4 f6 14. exf6 Qxf6 15. e4 Bb7 16. e5 Qh4 17. g3 Qe7 18. Qg4 Rf7 19. Nf3 Rd8 20. h4 Nf8 21. Rad1 d4 22. cxd4 Bxf3 23. Qxf3 Rxd4 24. Bc2 Qd8 25. Kh2 Rfd7 26. Kh3 Rxd1 27. Rxd1 Rxd1 28. Bxd1 Qd4 29. Qe2 Ng6 30. Qg4 Kf7 31. Bb3 c4 32. Ba4 Ne7 33. Qh5+ Kf8 34. Qe8# 1-0

[Event "Titled Tuesday intern op 11th Feb Early"]
[Site "Chess.com INT"]
[Date "2025.02.11"]
[Round "8"]
[White "Fabris, Alberto"]
[Black "Gbiorczyk, Mikolaj"]
[Result "0-1"]
[WhiteElo "2230"]
[BlackElo "2231"]
[PlyCount "112"]
[EventDate "2025.02.11"]
[EventType "swiss (blitz)"]
[EventRounds "11"]
[EventCountry "USA"]
[SourceTitle "CB08_2025"]
[SourceDate "2025.02.19"]
[SourceVersion "1"]
[SourceVersionDate "2025.02.19"]
[SourceQuality "1"]

1. e4 e6 2. d4 d5 3. e5 c5 4. c3 Nc6 5. Nf3 Nge7 6. a3 cxd4 7. cxd4 Nf5 8. b4 Qb6 9. Bb2 Bd7 10. Be2 Rc8 11. 0-0 Be7 12. Qd3 Na5 13. Nbd2 Nc4 14. Nxc4 dxc4 15. Qc3 Qc6 16. Nd2 b5 17. Bf3 Qc7 18. Ne4 0-0 19. Nc5 Bc6 20. Bxc6 Qxc6 21. Rad1 Rfd8 22. Qh3 Bxc5 23. dxc5 Rd5 24. Qf3 Rcd8 25. h3 Ne7 26. Rxd5 Qxd5 27. Qxd5 Rxd5 28. Rc1 Nc6 29. Re1 a5 30. bxa5 Nxa5 31. Bc3 Nc6 32. Rb1 Rxc5 33. f4 Rd5 34. Kf2 Kf8 35. Ke2 Ke8 36. g3 Kd7 37. Rb2 Ne7 38. a4 Kc6 39. axb5+ Rxb5 40. Ra2 Nd5 41. Bd4 Rb7 42. Kd2 f6 43. exf6 gxf6 44. Ra5 h5 45. Rc5+ Kd6 46. Rxc4 Rb3 47. Bc3 Ra3 48. h4 Ra2+ 49. Kd3 Rg2 50. Be1 e5 51. fxe5+ fxe5 52. Rc8 Nf6 53. Rd8+ Ke6 54. Ke3 e4 55. Kf4 Re2 56. Bc3 Nd5+ 0-1

[Event "Titled Tuesday intern op 11th Feb Early"]
[Site "Chess.com INT"]
[Date "2025.02.11"]
[Round "5"]
[White "Gbiorczyk, Mikolaj"]
[Black "Nurmanova, Alua"]
[Result "0-1"]
[WhiteElo "2231"]
[BlackElo "2336"]
[PlyCount "130"]
[EventDate "2025.02.11"]
[EventType "swiss (blitz)"]
[EventRounds "11"]
[EventCountry "USA"]
[SourceTitle "CB08_2025"]
[SourceDate "2025.02.19"]
[SourceVersion "1"]
[SourceVersionDate "2025.02.19"]
[SourceQuality "1"]

1. e4 c5 2. Nf3 d6 3. Bb5+ Bd7 4. c4 a6 5. Bxd7+ Nxd7 6. d4 cxd4 7. Nxd4 Rc8 8. b3 Ngf6 9. f3 e6 10. 0-0 Be7 11. Kh1 0-0 12. Bb2 Qa5 13. Qd2 Qxd2 14. Nxd2 d5 15. exd5 exd5 16. Rac1 Bb4 17. Bc3 Ba3 18. Rcd1 b5 19. Nb1 b4 20. Nxa3 bxc3 21. Nf5 Rce8 22. Rfe1 Rxe1+ 23. Rxe1 dxc4 24. Nxc4 g6 25. Nfd6 Nd5 26. Kg1 N7f6 27. Kf2 Nb4 28. Ke2 Nfd5 29. g3 Nxa2 30. Ra1 Nab4 31. Kd1 Rd8 32. Kc1 Rd7 33. h3 Re7 34. Ne4 f5 35. Nf2 Re1+ 36. Nd1 c2 37. Kd2 Rxd1+ 38. Rxd1 cxd1Q+ 39. Kxd1 Kf7 40. Ke2 Ke6 41. Na5 Nc3+ 42. Kd2 Nb5 43. Nc4 Nd4 44. Ne3 Nxf3+ 45. Kc3 Nd5+ 46. Nxd5 Kxd5 47. Kb4 Kc6 48. Ka5 Kb7 49. Kb4 Ng1 50. h4 Ne2 51. Kc4 Nxg3 52. Kd3 f4 53. Kd2 Kc6 54. Kd3 Kd5 55. Kd2 h6 56. Kd3 g5 57. hxg5 hxg5 58. b4 g4 59. Kc3 f3 60. b5 axb5 61. Kb4 f2 62. Ka5 f1Q 63. Kb4 Qc4+ 64. Ka5 Kc6 65. Ka6 Qa4# 0-1

[Event "Titled Tuesday intern op 04th Feb Early"]
[Site "Chess.com INT"]
[Date "2025.02.04"]
[Round "2"]
[White "Gbiorczyk, Mikolaj"]
[Black "De Sousa, Daniel Aguiar"]
[Result "1-0"]
[WhiteElo "2231"]
[BlackElo "1991"]
[PlyCount "39"]
[EventDate "2025.02.04"]
[EventType "swiss (blitz)"]
[EventRounds "11"]
[EventCountry "USA"]
[SourceTitle "CB07_2025"]
[SourceDate "2025.02.12"]
[SourceVersion "1"]
[SourceVersionDate "2025.02.12"]
[SourceQuality "1"]

1. c4 Nf6 2. Nf3 e6 3. g3 d5 4. Bg2 Be7 5. 0-0 c6 6. d4 0-0 7. Qc2 dxc4 8. Qxc4 b5 9. Qc2 Bb7 10. Rd1 Qb6 11. Nc3 a5 12. e4 b4 13. Na4 Qb5 14. e5 Nd5 15. Bf1 b3 16. axb3 Qb4 17. Bd2 Ba6 18. Bxb4 Nxb4 19. Qe4 Bb7 20. Nc5 1-0

[Event "Titled Tuesday intern op 04th Feb Early"]
[Site "Chess.com INT"]
[Date "2025.02.04"]
[Round "8"]
[White "Gbiorczyk, Mikolaj"]
[Black "Hoang, Truman"]
[Result "1-0"]
[WhiteElo "2231"]
[BlackElo "2035"]
[PlyCount "141"]
[EventDate "2025.02.04"]
[EventType "swiss (blitz)"]
[EventRounds "11"]
[EventCountry "USA"]
[SourceTitle "CB07_2025"]
[SourceDate "2025.02.12"]
[SourceVersion "1"]
[SourceVersionDate "2025.02.12"]
[SourceQuality "1"]

1. Nf3 Nf6 2. g3 g6 3. Bg2 Bg7 4. 0-0 0-0 5. b3 c5 6. c4 d6 7. Bb2 e5 8. d3 Nc6 9. Nc3 Rb8 10. Ne1 Bd7 11. Nc2 a6 12. Ne3 b5 13. Ned5 Ne8 14. e3 Kh8 15. Qd2 f5 16. Rad1 Nc7 17. f4 b4 18. Ne2 Nxd5 19. Bxd5 Ne7 20. Bg2 Bc6 21. d4 Bxg2 22. Kxg2 Qc7 23. dxe5 dxe5 24. Qd7 Rb7 25. Qxc7 Rxc7 26. fxe5 Nc6 27. Rd5 Nb8 28. Nf4 Re8 29. Nd3 Nd7 30. Rd1 Kg8 31. Kf2 Kf7 32. h3 h6 33. g4 fxg4 34. hxg4 g5 35. Kg2 Ke6 36. Rd6+ Ke7 37. Rxa6 Rf8 38. Rf1 Rcc8 39. Rf5 Ra8 40. Rg6 Bh8 41. Rxh6 Rxf5 42. gxf5 Rxa2 43. Rxh8 Rxb2+ 44. Nxb2 Nxe5 45. Kg3 Kf6 46. e4 Ke7 47. Rg8 Kf6 48. Rg6+ Nxg6 49. fxg6 Kxg6 50. Kg4 Kf6 51. Nd3 Ke6 52. Nxc5+ Ke5 53. Nd3+ Kxe4 54. Nxb4 Kd4 55. Na6 Kc3 56. c5 Kxb3 57. c6 Ka4 58. c7 Kb5 59. c8Q Kb6 60. Nc7 Ka7 61. Ne8 Kb6 62. Ng7 Kb5 63. Nh5 Kb4 64. Ng3 Kb3 65. Nh1 Kb4 66. Qc6 Kb3 67. Qc5 Kb2 68. Qc4 Ka3 69. Qb5 Ka2 70. Qb4 Ka1 71. Kxg5 1-0

[Event "Titled Tuesday intern op 04th Feb Early"]
[Site "Chess.com INT"]
[Date "2025.02.04"]
[Round "3"]
[White "Gbiorczyk, Mikolaj"]
[Black "Petukhov, Alan"]
[Result "0-1"]
[WhiteElo "2231"]
[BlackElo "2306"]
[PlyCount "58"]
[EventDate "2025.02.04"]
[EventType "swiss (blitz)"]
[EventRounds "11"]
[EventCountry "USA"]
[SourceTitle "CB07_2025"]
[SourceDate "2025.02.12"]
[SourceVersion "1"]
[SourceVersionDate "2025.02.12"]
[SourceQuality "1"]

1. Nf3 c5 2. c4 Nc6 3. e3 Nf6 4. d4 cxd4 5. exd4 d5 6. Nc3 e6 7. c5 Ne4 8. Qc2 f5 9. Bb5 Be7 10. 0-0 Bf6 11. Bf4 0-0 12. Bxc6 bxc6 13. Be5 Be7 14. Nd2 Bg5 15. Nf3 Be7 16. Ne1 Ba6 17. Nd3 Bf6 18. Bxf6 Qxf6 19. f3 Qxd4+ 20. Nf2 Bxf1 21. fxe4 Ba6 22. exd5 exd5 23. Re1 Rae8 24. Rxe8 Rxe8 25. h3 Re1+ 26. Kh2 Qe5+ 27. g3 f4 28. gxf4 Qxf4+ 29. Kg2 Bf1+ 0-1

[Event "Krakow op-A 35th"]
[Site "Krakow"]
[Date "2024.12.30"]
[Round "5"]
[White "Gbiorczyk, Mikolaj"]
[Black "Hrebenshchykova, Yelyzaveta"]
[Result "1-0"]
[WhiteElo "2176"]
[BlackElo "2287"]
[PlyCount "67"]
[EventDate "2024.12.27"]
[EventType "swiss"]
[EventRounds "9"]
[EventCountry "POL"]
[SourceTitle "CB02_2025"]
[SourceDate "2025.01.08"]
[SourceVersion "1"]
[SourceVersionDate "2025.01.08"]
[SourceQuality "1"]

1. Nf3 Nf6 2. d4 g6 3. c4 Bg7 4. e3 0-0 5. Be2 d6 6. Nc3 Nbd7 7. 0-0 e5 8. Qc2 Re8 9. Rd1 c6 10. dxe5 dxe5 11. Rb1 Qe7 12. b4 Nf8 13. h3 Bf5 14. e4 Bc8 15. Be3 Nh5 16. b5 Nf4 17. Bf1 Qf6 18. Bxf4 exf4 19. e5 Qe7 20. bxc6 bxc6 21. Rd6 Bxe5 22. Rxc6 Bxc3 23. Qxc3 Bb7 24. Ne5 Bxc6 25. Ng4 f6 26. Nxf6+ Kf7 27. Ng4 Qg5 28. c5 Rad8 29. Bc4+ Bd5 30. Rb7+ Re7 31. Ne5+ Kg8 32. Nf3 Qf5 33. Rxe7 Ne6 34. c6 1-0

[Event "Krakow op-A 35th"]
[Site "Krakow"]
[Date "2024.12.29"]
[Round "3"]
[White "Gbiorczyk, Mikolaj"]
[Black "Suder, Jakub"]
[Result "1/2-1/2"]
[WhiteElo "2176"]
[BlackElo "2342"]
[PlyCount "75"]
[EventDate "2024.12.27"]
[EventType "swiss"]
[EventRounds "9"]
[EventCountry "POL"]
[SourceTitle "CB02_2025"]
[SourceDate "2025.01.08"]
[SourceVersion "1"]
[SourceVersionDate "2025.01.08"]
[SourceQuality "1"]

1. d4 d5 2. Nf3 Nf6 3. c4 dxc4 4. e3 Bg4 5. Bxc4 e6 6. h3 Bh5 7. Nc3 Nbd7 8. 0-0 Bb4 9. Be2 0-0 10. Qb3 Qe7 11. Bd2 c5 12. a3 Bxc3 13. Bxc3 b6 14. Rfd1 Rac8 15. Rac1 Nd5 16. Bd2 h6 17. e4 N5f6 18. Qe3 Rfd8 19. dxc5 Nxc5 20. Bb4 Rxd1+ 21. Bxd1 a5 22. Bxc5 Rxc5 23. Rxc5 Qxc5 24. Qxc5 bxc5 25. g4 Bg6 26. Ne5 Bxe4 27. Nc4 Kf8 28. Nxa5 Ke7 29. f3 Ba8 30. Kf2 g5 31. Ba4 Nd5 32. Bc6 Bxc6 33. Nxc6+ Kd6 34. Nd8 f6 35. Nb7+ Kc6 36. Nd8+ Kd7 37. Nb7 Kc6 38. Nd8+ 1/2-1/2

[Event "POL-ch U16"]
[Site "Jastrzebia Gora"]
[Date "2023.??.??"]
[Round "7"]
[White "Gbiorczyk, Mikolaj"]
[Black "Ugorek, Kacper"]
[Result "1-0"]
[WhiteElo "1853"]
[BlackElo "1650"]
[PlyCount "99"]
[EventDate "2023.03.11"]
[EventType "swiss"]
[EventRounds "9"]
[EventCountry "POL"]
[SourceTitle "CBM 213 Extra"]
[Source "ChessBase"]
[SourceDate "2023.05.31"]
[SourceVersion "1"]
[SourceVersionDate "2023.05.31"]
[SourceQuality "1"]

1. d4 g6 2. e4 Bg7 3. Nc3 d6 4. Be3 a6 5. Qd2 b5 6. f3 Nd7 7. 0-0-0 Bb7 8. h4 h5 9. Nh3 Nb6 10. a3 c6 11. e5 Nh6 12. exd6 Qxd6 13. Ne4 Qd8 14. Nhg5 Bc8 15. Kb1 Nf5 16. Bf2 Nd5 17. Bd3 f6 18. g4 hxg4 19. fxg4 e6 20. gxf5 exf5 21. Rde1 Kf8 22. Nc5 fxg5 23. hxg5 Rxh1 24. Rxh1 a5 25. Qe2 Qe7 26. Qf3 b4 27. Re1 Qxg5 28. Re6 bxa3 29. Rxc6 Qd8 30. Rxc8 Nc3+ 31. bxc3 Qxc8 32. Bg3 Bf6 33. Qd5 Kg7 34. Bc4 Ra7 35. Be5 Bxe5 36. Qxe5+ Kh6 37. Qh2+ Kg7 38. Ne6+ Kg8 39. Nc5+ Kg7 40. Ne6+ Kg8 41. Qh6 Qb7+ 42. Kc1 Qf7 43. d5 f4 44. Ng5 Qc7 45. Qxg6+ Kh8 46. Qh6+ Kg8 47. Bb3 a4 48. Ba2 Qxc3 49. d6+ Rf7 50. Bxf7# 1-0

[Event "POL-ch U16"]
[Site "Jastrzebia Gora"]
[Date "2023.??.??"]
[Round "2"]
[White "Kazmierowski, Tymon"]
[Black "Gbiorczyk, Mikolaj"]
[Result "0-1"]
[WhiteElo "1998"]
[BlackElo "1853"]
[PlyCount "92"]
[EventDate "2023.03.11"]
[EventType "swiss"]
[EventRounds "9"]
[EventCountry "POL"]
[SourceTitle "CBM 213 Extra"]
[Source "ChessBase"]
[SourceDate "2023.05.31"]
[SourceVersion "1"]
[SourceVersionDate "2023.05.31"]
[SourceQuality "1"]

1. e4 c6 2. d4 d5 3. e5 Bf5 4. h4 h5 5. Bd3 Bxd3 6. Qxd3 e6 7. Nf3 Qa5+ 8. Nbd2 Qa6 9. c4 Nh6 10. b3 Be7 11. 0-0 Nf5 12. g3 0-0 13. Bb2 c5 14. dxc5 Bxc5 15. Ng5 dxc4 16. Nxc4 Nc6 17. Qf3 g6 18. Ne4 Bd4 19. Bxd4 Ncxd4 20. Nf6+ Kg7 21. Qe4 Rfd8 22. Rfd1 Rac8 23. Rd3 b5 24. Nd6 Nxd6 25. Qxd4 Nc4 26. Qxd8 Rxd8 27. Rxd8 Nxe5 28. Ne8+ Kh6 29. a4 Nf3+ 30. Kg2 Qc6 31. Kh3 g5 32. hxg5+ Nxg5+ 33. Kh2 Qb6 34. Rd3 Qxf2+ 35. Kh1 Nf3 36. Rxf3 Qxf3+ 37. Kh2 Qxb3 38. Rf1 Qa2+ 39. Kh3 Qxa4 40. Rf6+ Kg5 41. Rxf7 Qg4+ 42. Kh2 Qe2+ 43. Kh3 b4 44. Rb7 Qf3 45. Rg7+ Kh6 46. Kh2 Qf8 0-1

[Event "POL-ch U16"]
[Site "Jastrzebia Gora"]
[Date "2023.??.??"]
[Round "4"]
[White "Szymkiewicz, Witold"]
[Black "Gbiorczyk, Mikolaj"]
[Result "0-1"]
[WhiteElo "1754"]
[BlackElo "1853"]
[PlyCount "92"]
[EventDate "2023.03.11"]
[EventType "swiss"]
[EventRounds "9"]
[EventCountry "POL"]
[SourceTitle "CBM 213 Extra"]
[Source "ChessBase"]
[SourceDate "2023.05.31"]
[SourceVersion "1"]
[SourceVersionDate "2023.05.31"]
[SourceQuality "1"]

1. d4 Nf6 2. c4 c5 3. d5 b5 4. cxb5 a6 5. e3 g6 6. Nc3 Bg7 7. Nf3 0-0 8. Be2 axb5 9. Bxb5 Ba6 10. Qe2 Qb6 11. Bxa6 Qxa6 12. Qxa6 Nxa6 13. Ke2 d6 14. Bd2 Rfb8 15. b3 Nb4 16. e4 Ra3 17. Bc1 Ra6 18. Bd2 Ne8 19. a4 Nc7 20. Rab1 Rab6 21. Rb2 Nba6 22. Rhb1 Rb4 23. Kd3 f5 24. exf5 gxf5 25. g3 Bf6 26. h3 Kf7 27. Kc2 R4b7 28. Kd3 Nb4+ 29. Kc4 Bxc3 30. Bxc3 Nbxd5 31. h4 h6 32. Bd2 e5 33. Ne1 e4 34. b4 Nb6+ 35. Kb3 c4+ 36. Kc3 d5 37. Ra2 Ra8 38. Rba1 Rba7 39. Bf4 Nb5+ 40. axb5 Rxa2 41. Rxa2 Rxa2 42. Be3 Na4+ 43. Kd4 Ke6 44. Ng2 Ra3 45. Nf4+ Kd6 46. h5 Nc3 0-1

[Event "POL-ch U15 Qual"]
[Site "Jastrzebia Gora"]
[Date "2021.11.16"]
[Round "3"]
[White "Daszkiewicz, Adrian"]
[Black "Gbiorczyk, Mikolaj"]
[Result "0-1"]
[WhiteElo "1564"]
[BlackElo "1487"]
[PlyCount "108"]
[EventDate "2021.11.15"]
[EventType "swiss"]
[EventRounds "9"]
[EventCountry "POL"]
[SourceTitle "EXT 2023"]
[Source "ChessBase"]
[SourceDate "2022.10.05"]
[SourceVersion "1"]
[SourceVersionDate "2022.10.05"]
[SourceQuality "1"]

1. e4 c5 2. Nf3 g6 3. d4 cxd4 4. Nxd4 Nc6 5. Be3 Nf6 6. Nc3 Bg7 7. f3 0-0 8. Bc4 Qa5 9. Bb3 a6 10. Qd2 d6 11. h4 h5 12. 0-0-0 Bd7 13. Kb1 Rfc8 14. Na4 Qxd2 15. Rxd2 Nxd4 16. Bxd4 Bxa4 17. Bxa4 Ne8 18. Bb6 Rc4 19. Bb3 Rc6 20. Be3 Nf6 21. Rg1 Rac8 22. Rgd1 Nd7 23. f4 Nc5 24. Bxc5 Rxc5 25. Rd5 Bf6 26. g3 Kf8 27. Rf1 Rxd5 28. Bxd5 Rc5 29. Rf3 Rb5 30. Rb3 Rxb3 31. axb3 b6 32. c3 e5 33. f5 gxf5 34. exf5 e4 35. Bxe4 Be5 36. g4 hxg4 37. Kc2 Kg7 38. Kd3 Kh6 39. b4 Kh5 40. Bd5 f6 41. Ke3 Kxh4 42. Kf2 Kg5 43. Be6 Kf4 44. Bc8 a5 45. bxa5 bxa5 46. b4 a4 47. b5 Bxc3 48. b6 Ba5 49. b7 Bc7 50. Be6 a3 51. Kg2 Ke5 52. Bb3 Kxf5 53. Bd5 Ke5 54. Ba2 d5 0-1